<?xml version="1.0" encoding="UTF-8"?>
<record
    xmlns:xsi="http://www.w3.org/2001/XMLSchema-instance"
    xsi:schemaLocation="http://www.loc.gov/MARC21/slim http://www.loc.gov/standards/marcxml/schema/MARC21slim.xsd"
    xmlns="http://www.loc.gov/MARC21/slim">

  <leader>02847nam0a2200433   4500</leader>
  <controlfield tag="001">RU\NLR\BIBL_A\016269832</controlfield>
  <controlfield tag="005">20260419211456.0</controlfield>
  <datafield tag="010" ind1=" " ind2=" ">
    <subfield code="9">59</subfield>
  </datafield>
  <datafield tag="021" ind1=" " ind2=" ">
    <subfield code="a">RU</subfield>
    <subfield code="b">&#x41A;&#x41D;-&#x41F;-22-090201</subfield>
    <subfield code="9">&#x41A;&#x41D;-&#x41F;-22-8021</subfield>
  </datafield>
  <datafield tag="035" ind1=" " ind2=" ">
    <subfield code="a">(NLR Aleph) 016269832</subfield>
  </datafield>
  <datafield tag="035" ind1=" " ind2=" ">
    <subfield code="a">(RuMoRGB)011488518</subfield>
  </datafield>
  <datafield tag="090" ind1=" " ind2=" ">
    <subfield code="a">13658495</subfield>
    <subfield code="c">13658495</subfield>
  </datafield>
  <datafield tag="100" ind1=" " ind2=" ">
    <subfield code="a">20230126d2022    k  y0rusy50      ca</subfield>
  </datafield>
  <datafield tag="101" ind1="0" ind2=" ">
    <subfield code="a">rus</subfield>
    <subfield code="d">eng</subfield>
  </datafield>
  <datafield tag="102" ind1=" " ind2=" ">
    <subfield code="a">RU</subfield>
  </datafield>
  <datafield tag="105" ind1=" " ind2=" ">
    <subfield code="a">a|||z|||010zy</subfield>
  </datafield>
  <datafield tag="181" ind1=" " ind2="0">
    <subfield code="a">i </subfield>
    <subfield code="b">axxe  </subfield>
  </datafield>
  <datafield tag="182" ind1=" " ind2="0">
    <subfield code="a">n</subfield>
  </datafield>
  <datafield tag="200" ind1="1" ind2=" ">
    <subfield code="a">&#x41E; &#x442;&#x43E;&#x447;&#x43D;&#x43E;&#x441;&#x442;&#x438; &#x43A;&#x432;&#x430;&#x434;&#x440;&#x430;&#x442;&#x443;&#x440;&#x43D;&#x44B;&#x445; &#x444;&#x43E;&#x440;&#x43C;&#x443;&#x43B; &#x434;&#x43B;&#x44F; &#x432;&#x44B;&#x447;&#x438;&#x441;&#x43B;&#x435;&#x43D;&#x438;&#x44F; &#x440;&#x435;&#x448;&#x435;&#x43D;&#x438;&#x44F; &#x437;&#x430;&#x434;&#x430;&#x447;&#x438; &#x43E; &#x440;&#x430;&#x441;&#x43F;&#x430;&#x434;&#x435; &#x433;&#x430;&#x443;&#x441;&#x441;&#x43E;&#x432;&#x43E;&#x433;&#x43E; &#x438;&#x43C;&#x43F;&#x443;&#x43B;&#x44C;&#x441;&#x430;</subfield>
    <subfield code="f">&#x41F;. &#x410;. &#x411;&#x430;&#x445;&#x432;&#x430;&#x43B;&#x43E;&#x432;</subfield>
  </datafield>
  <datafield tag="203" ind1=" " ind2=" ">
    <subfield code="a">&#x422;&#x435;&#x43A;&#x441;&#x442;</subfield>
    <subfield code="b">&#x432;&#x438;&#x437;&#x443;&#x430;&#x43B;&#x44C;&#x43D;&#x44B;&#x439;</subfield>
    <subfield code="c">&#x43D;&#x435;&#x43F;&#x43E;&#x441;&#x440;&#x435;&#x434;&#x441;&#x442;&#x432;&#x435;&#x43D;&#x43D;&#x44B;&#x439;</subfield>
  </datafield>
  <datafield tag="210" ind1=" " ind2=" ">
    <subfield code="a">&#x41C;&#x43E;&#x441;&#x43A;&#x432;&#x430;</subfield>
    <subfield code="c">&#x418;&#x41F;&#x41C; &#x438;&#x43C;. &#x41C;. &#x412;. &#x41A;&#x435;&#x43B;&#x434;&#x44B;&#x448;&#x430; &#x420;&#x410;&#x41D;</subfield>
    <subfield code="d">2022</subfield>
  </datafield>
  <datafield tag="215" ind1=" " ind2=" ">
    <subfield code="a">44 &#x441;.</subfield>
    <subfield code="c">&#x438;&#x43B;.</subfield>
    <subfield code="d">21</subfield>
  </datafield>
  <datafield tag="225" ind1="1" ind2=" ">
    <subfield code="a">&#x41F;&#x440;&#x435;&#x43F;&#x440;&#x438;&#x43D;&#x442;&#x44B; &#x418;&#x41F;&#x41C; &#x438;&#x43C;. &#x41C;. &#x412;. &#x41A;&#x435;&#x43B;&#x434;&#x44B;&#x448;&#x430;</subfield>
    <subfield code="d">Keldysh institute preprints</subfield>
    <subfield code="f">&#x433;&#x43B;. &#x440;&#x435;&#x434;.: &#x411;. &#x41D;. &#x427;&#x435;&#x442;&#x432;&#x435;&#x440;&#x443;&#x448;&#x43A;&#x438;&#x43D;, &#x430;&#x43A;&#x430;&#x434;. &#x420;&#x410;&#x41D;</subfield>
    <subfield code="z">eng</subfield>
  </datafield>
  <datafield tag="225" ind1="1" ind2=" ">
    <subfield code="a">&#x41F;&#x440;&#x435;&#x43F;&#x440;&#x438;&#x43D;&#x442;</subfield>
    <subfield code="f">&#x418;&#x43D;-&#x442; &#x43F;&#x440;&#x438;&#x43A;&#x43B;&#x430;&#x434;. &#x43C;&#x430;&#x442;&#x435;&#x43C;&#x430;&#x442;&#x438;&#x43A;&#x438; &#x438;&#x43C;. &#x41C;. &#x412;. &#x41A;&#x435;&#x43B;&#x434;&#x44B;&#x448;&#x430; &#x420;&#x43E;&#x441;. &#x430;&#x43A;&#x430;&#x434;. &#x43D;&#x430;&#x443;&#x43A;</subfield>
    <subfield code="x">2071-2898</subfield>
    <subfield code="v">&#x2116; 75 &#x437;&#x430; 2022 &#x433;.</subfield>
  </datafield>
  <datafield tag="300" ind1=" " ind2=" ">
    <subfield code="a">&#x420;&#x435;&#x437;. &#x430;&#x43D;&#x433;&#x43B;.</subfield>
  </datafield>
  <datafield tag="300" ind1=" " ind2=" ">
    <subfield code="a">&#x41D;&#x430; &#x43E;&#x431;&#x43B;.: &#x420;&#x43E;&#x441;. &#x430;&#x43A;&#x430;&#x434;. &#x43D;&#x430;&#x443;&#x43A;, 300 &#x43B;&#x435;&#x442;</subfield>
  </datafield>
  <datafield tag="320" ind1=" " ind2=" ">
    <subfield code="a">&#x411;&#x438;&#x431;&#x43B;&#x438;&#x43E;&#x433;&#x440;.: &#x441;. 43-44 (13 &#x43D;&#x430;&#x437;&#x432;.)</subfield>
  </datafield>
  <datafield tag="330" ind1=" " ind2=" ">
    <subfield code="a">&#x412; &#x441;&#x442;&#x430;&#x442;&#x44C;&#x435; &#x440;&#x430;&#x441;&#x441;&#x43C;&#x430;&#x442;&#x440;&#x438;&#x432;&#x430;&#x435;&#x442;&#x441;&#x44F; &#x437;&#x430;&#x434;&#x430;&#x447;&#x430; &#x43E; &#x440;&#x430;&#x441;&#x43F;&#x440;&#x43E;&#x441;&#x442;&#x440;&#x430;&#x43D;&#x435;&#x43D;&#x438;&#x438; &#x432;&#x43E;&#x43B;&#x43D;&#x44B; &#x432; &#x441;&#x432;&#x43E;&#x431;&#x43E;&#x434;&#x43D;&#x43E;&#x43C; &#x43F;&#x440;&#x43E;&#x441;&#x442;&#x440;&#x430;&#x43D;&#x441;&#x442;&#x432;&#x435; &#x43E;&#x442; &#x43D;&#x430;&#x447;&#x430;&#x43B;&#x44C;&#x43D;&#x43E;&#x433;&#x43E; &#x438;&#x43C;&#x43F;&#x443;&#x43B;&#x44C;&#x441;&#x430; &#x432; &#x444;&#x43E;&#x440;&#x43C;&#x435; &#x433;&#x430;&#x443;&#x441;&#x441;&#x438;&#x430;&#x43D;&#x430; &#x434;&#x43B;&#x44F; &#x434;&#x432;&#x443;&#x43C;&#x435;&#x440;&#x43D;&#x43E;&#x433;&#x43E; &#x432;&#x43E;&#x43B;&#x43D;&#x43E;&#x432;&#x43E;&#x433;&#x43E; &#x443;&#x440;&#x430;&#x432;&#x43D;&#x435;&#x43D;&#x438;&#x44F;. &#x420;&#x435;&#x448;&#x435;&#x43D;&#x438;&#x435; &#x44D;&#x442;&#x43E;&#x439; &#x437;&#x430;&#x434;&#x430;&#x447;&#x438; &#x432;&#x44B;&#x440;&#x430;&#x436;&#x430;&#x435;&#x442;&#x441;&#x44F; &#x432; &#x438;&#x43D;&#x442;&#x435;&#x433;&#x440;&#x430;&#x43B;&#x44C;&#x43D;&#x43E;&#x43C; &#x432;&#x438;&#x434;&#x435;. &#x420;&#x430;&#x43D;&#x435;&#x435; &#x43F;&#x440;&#x435;&#x434;&#x43B;&#x43E;&#x436;&#x435;&#x43D;&#x43D;&#x44B;&#x439; &#x430;&#x43B;&#x433;&#x43E;&#x440;&#x438;&#x442;&#x43C; &#x432;&#x44B;&#x447;&#x438;&#x441;&#x43B;&#x435;&#x43D;&#x438;&#x44F; &#x438;&#x43D;&#x442;&#x435;&#x433;&#x440;&#x430;&#x43B;&#x43E;&#x432; &#x43E;&#x43F;&#x442;&#x438;&#x43C;&#x438;&#x437;&#x438;&#x440;&#x443;&#x435;&#x442;&#x441;&#x44F; &#x437;&#x430; &#x441;&#x447;&#x451;&#x442; &#x438;&#x441;&#x43F;&#x43E;&#x43B;&#x44C;&#x437;&#x43E;&#x432;&#x430;&#x43D;&#x438;&#x44F; &#x431;&#x43E;&#x43B;&#x435;&#x435; &#x442;&#x43E;&#x447;&#x43D;&#x44B;&#x445; &#x43E;&#x446;&#x435;&#x43D;&#x43E;&#x43A; &#x43F;&#x43E;&#x433;&#x440;&#x435;&#x448;&#x43D;&#x43E;&#x441;&#x442;&#x438; &#x43A;&#x432;&#x430;&#x434;&#x440;&#x430;&#x442;&#x443;&#x440;&#x43D;&#x44B;&#x445; &#x444;&#x43E;&#x440;&#x43C;&#x443;&#x43B;</subfield>
  </datafield>
  <datafield tag="606" ind1=" " ind2=" ">
    <subfield code="a">&#x412;&#x43E;&#x43B;&#x43D;&#x44B;</subfield>
    <subfield code="x">&#x420;&#x430;&#x441;&#x43F;&#x440;&#x43E;&#x441;&#x442;&#x440;&#x430;&#x43D;&#x435;&#x43D;&#x438;&#x435;</subfield>
    <subfield code="x">&#x422;&#x435;&#x43E;&#x440;&#x438;&#x44F;</subfield>
    <subfield code="x">&#x41C;&#x430;&#x442;&#x435;&#x43C;&#x430;&#x442;&#x438;&#x447;&#x435;&#x441;&#x43A;&#x438;&#x435; &#x43C;&#x435;&#x442;&#x43E;&#x434;&#x44B;</subfield>
    <subfield code="2">nlr_sh1</subfield>
    <subfield code="2">nlr_sh2</subfield>
    <subfield code="3">RU\NLR\AUTH\66270381</subfield>
  </datafield>
  <datafield tag="606" ind1="1" ind2=" ">
    <subfield code="a">&#x412;&#x43E;&#x43B;&#x43D;&#x43E;&#x432;&#x44B;&#x435; &#x443;&#x440;&#x430;&#x432;&#x43D;&#x435;&#x43D;&#x438;&#x44F;</subfield>
    <subfield code="x">&#x420;&#x435;&#x448;&#x435;&#x43D;&#x438;&#x435;</subfield>
    <subfield code="x">&#x427;&#x438;&#x441;&#x43B;&#x435;&#x43D;&#x43D;&#x44B;&#x435; &#x43C;&#x435;&#x442;&#x43E;&#x434;&#x44B;</subfield>
    <subfield code="2">nlr_sh1</subfield>
    <subfield code="2">nlr_sh2</subfield>
    <subfield code="3">RU\NLR\AUTH\66228774</subfield>
  </datafield>
  <datafield tag="606" ind1="1" ind2=" ">
    <subfield code="a">&#x413;&#x430;&#x443;&#x441;&#x441;&#x430; &#x43A;&#x432;&#x430;&#x434;&#x440;&#x430;&#x442;&#x443;&#x440;&#x44B;</subfield>
    <subfield code="x">&#x41F;&#x43E;&#x433;&#x440;&#x435;&#x448;&#x43D;&#x43E;&#x441;&#x442;&#x44C;</subfield>
    <subfield code="x">&#x41E;&#x446;&#x435;&#x43D;&#x43A;&#x430;</subfield>
    <subfield code="2">nlr_sh2</subfield>
    <subfield code="3">RU\NLR\AUTH\6601746405</subfield>
  </datafield>
  <datafield tag="675" ind1=" " ind2=" ">
    <subfield code="a">519.6</subfield>
    <subfield code="v">4</subfield>
  </datafield>
  <datafield tag="686" ind1="1" ind2=" ">
    <subfield code="a">&#x412;192.151</subfield>
  </datafield>
  <datafield tag="686" ind1="1" ind2=" ">
    <subfield code="a">&#x412;192.162.21</subfield>
  </datafield>
  <datafield tag="700" ind1=" " ind2="1">
    <subfield code="a">&#x411;&#x430;&#x445;&#x432;&#x430;&#x43B;&#x43E;&#x432;</subfield>
    <subfield code="b">&#x41F;. &#x410;.</subfield>
    <subfield code="c">&#x43A;&#x430;&#x43D;&#x434;. &#x444;&#x438;&#x437;.-&#x43C;&#x430;&#x442;. &#x43D;&#x430;&#x443;&#x43A;, &#x43C;&#x430;&#x442;. &#x43C;&#x43E;&#x434;&#x435;&#x43B;&#x438;&#x440;&#x43E;&#x432;&#x430;&#x43D;&#x438;&#x435;</subfield>
    <subfield code="g">&#x41F;&#x430;&#x432;&#x435;&#x43B; &#x410;&#x43B;&#x435;&#x43A;&#x441;&#x435;&#x435;&#x432;&#x438;&#x447;</subfield>
    <subfield code="3">RU\NLR\AUTH\770230090</subfield>
  </datafield>
  <datafield tag="942" ind1=" " ind2=" ">
    <subfield code="c">BOOK</subfield>
  </datafield>
  <datafield tag="980" ind1=" " ind2=" ">
    <subfield code="a">NB</subfield>
  </datafield>
</record>
